MARC details
| 000 -LEADER |
| campo de control de longitud fija |
02621nam a2200421 i 4500 |
| 001 - NÚMERO DE CONTROL |
| campo de control |
193386 |
| 003 - IDENTIFICADOR DE NÚMERO DE CONTROL |
| campo de control |
SpMaBN |
| 005 - FECHA Y HORA DE LA ÚLTIMA TRANSACCIÓN |
| campo de control |
20250804062657.0 |
| 007 - CAMPO FIJO DE DESCRIPCIÓN FÍSICA--INFORMACIÓN GENERAL |
| campo de control de longitud fija |
ta |
| 008 - DATOS DE LONGITUD FIJA--INFORMACIÓN GENERAL |
| campo de control de longitud fija |
150330s2015 sp | |||| 000 f spa |
| 017 ## - NÚMERO DE COPYRIGHT O DE DEPÓSITO LEGAL |
| Número de copyright o de depósito legal |
B 3300-2015 |
| Agencia que asigna |
Oficina Depósito Legal Barcelona |
| 020 ## - NÚMERO INTERNACIONAL ESTÁNDAR DEL LIBRO |
| Número Internacional Estándar del Libro |
9788432224645 |
| 035 ## - NÚMERO DE CONTROL DEL SISTEMA |
| Número de control de sistema |
(OCoLC)907056544 |
| 040 ## - FUENTE DE CATALOGACIÓN |
| Centro catalogador/agencia de origen |
SpMaBN |
| Lengua de catalogación |
spa |
| Centro/agencia transcriptor |
SpMaBN |
| Normas de descripción |
rdc |
| 080 ## - NÚMERO DE LA CLASIFICACIÓN DECIMAL UNIVERSAL |
| Número de la Clasificación Decimal Universal |
821.133.1-31"19" |
| 100 1# - ENTRADA PRINCIPAL--NOMBRE DE PERSONA |
| Nombre de persona |
Didierlaurent, Jean-Paul, |
| Fechas asociadas al nombre |
1967- |
| Relación |
aut |
| Número de control del registro de autoridad o número normalizado |
XX5469949 |
| 9 (RLIN) |
234552 |
| Término indicativo de función/relación |
Autor |
| 245 13 - MENCIÓN DEL TÍTULO |
| Título |
El lector del tren de las 6.27 / |
| Mención de responsabilidad, etc. |
Jean-Paul Didierlaurent ; traducción del francés por Adolfo García Ortega |
| 246 ## - FORMA VARIANTE DEL TITULO |
| Título propio/Titulo breve |
El lector del tren de las seis y veintisiete |
| 250 ## - MENCION DE EDICION |
| Mención de edición |
Primera edición: marzo de 2015 |
| 260 ## - PUBLICACIÓN, DISTRIBUCIÓN, ETC. |
| Lugar de publicación, distribución, etc. |
Barcelona : |
| Nombre del editor, distribuidor, etc. |
Seix Barral, |
| Fecha de publicación, distribución, etc. |
2015 |
| 300 ## - DESCRIPCIÓN FÍSICA |
| Extensión |
195 páginas ; |
| Dimensiones |
23 cm |
| 336 ## - TIPO DE CONTENIDO |
| Término de tipo de contenido |
Texto (visual) |
| Fuente |
isbdcontent |
| 337 ## - TIPO DE MEDIO |
| Nombre/término del tipo de medio |
sin mediación |
| Fuente |
isbdmedia |
| 338 ## - TIPO DE SOPORTE |
| Fuente |
rdacarrier |
| Nombre/término del tipo de soporte |
volumen |
| 490 1# - MENCIÓN DE SERIE |
| Mención de serie |
Biblioteca Formentor |
| 520 ## - RESUMEN, ETC. |
| Sumario, etc. |
Guibrando Viñol no es ni guapo ni feo, ni gordo ni flaco. Su trabajo consiste en destruir lo que más ama: es el encargado de supervisar la Cosa, la abominable máquina que tritura los libros que ya nadie quiere leer. Al final de la jornada, Guibrando saca de la entrañas del monstruo las pocas páginas que han sobrevivido a la carnicería. Cada mañana, en el tren de las 6.27, se dedica a leerlas en voz alta para deleite de los pasajeros habituales. Un día descubre por casualidad una pieza de literatura atípica que le cambiará la vida.<br/><br/>La amistad une a un grupo de personajes aparentemente anodinos, probables compañeros invisibles de nuestros viajes cotidianos en tren, que esconden mundos extraordinarios donde todo es posible: un vigilante de seguridad que habla en verso, una princesa cuyo palacio es un aseo público, un mutilado que busca sus piernas. En una mezcla insólita de humor negro y dulzura, celebramos con ellos el triunfo de los incomprendidos. |
| 655 #0 - TERMINO DE INDIZACIÓN--GENERO/FORMA |
| Datos o término principal de género/forma |
Novelas |
| 9 (RLIN) |
234319 |
| 700 1# - ENTRADA AGREGADA--NOMBRE PERSONAL |
| Nombre de persona |
García Ortega, Adolfo, |
| Fechas asociadas al nombre |
1958- |
| Relación |
trl |
| 9 (RLIN) |
137457 |
| Término indicativo de función/relación |
Traductor |
| 830 ## - PUNTO DE ACCESO ADICIONAL DE SERIE-TÍTULO UNIFORME |
| 9 (RLIN) |
180387 |
| Título uniforme |
Biblioteca Formentor |
| 852 ## - LOCALIZACIÓN |
| Ubicación |
ES-MaACL |
| Sublocalización o colección |
R. 154770 |
| Ubicación en estantería |
Depósito J |
| Número de control de estantería |
N-9542 |
| itemnumber |
200832 |
| Donativo/Legado |
Donación: José Lázaro García |
| Encuadernación |
Encuadernación rústica con solapas (incluye faja) |
| 903 ## - NOMBRE PERSONAL DE DONANTE |
| 9 |
234219 |
| a |
Lázaro García, José |
| e |
Donante |
| 942 ## - ELEMENTOS DE ENTRADA SECUNDARIOS (KOHA) |
| Suprimir en OPAC |
No |
| Tipo de ítem Koha |
Libro impreso |